00297nam a2200133Ia 45000030006000000080041000060400015000471000034000622450019000962500010001152600009001255460012001340050017001460STCL150530s9999 xx 000 0 und d aSTCLcSTCL aChesterton; Fonseka, J.P.; Ed aG.K.C. as M.C. aFirst c1929 aEnglish20220125170842.0